Gimme a G! Gimme a V! Gimme 5 Letters! Quiz Stats

 Plays Quiz Updated Nov 21, 2014

Also try: FF Things
Challenge
Share
Tweet
Embed
Score 0/18 Timer 03:00
0 Plays Today
Hint Answer % Correct
No meat, fish, eggs or dairy for this personVegan
94.5%
'What happens in ______ stays...'Vegas
93.2%
August 23 - September 22 Zodiac signVirgo
91.8%
Auctioneer's hammerGavel
89%
Cemetery unitGrave
88.3%
Garment used as evidence in O.J. trialGlove
79.2%
Sauce made from meat drippingsGravy
76.9%
A tropical fruitGuava
72.2%
Time of watchfulness or prayer, at nightVigil
71.2%
Hint Answer % Correct
Small orchardGrove
64.2%
Singer-songwriter DeGrawGavin
62%
Unformed; lacking detailVague
61.3%
Tequila plantAgave
58.1%
Zest and energyVigor
55.3%
EdgeVerge
51.2%
Fixed or specified; an assumed truthGiven
51%
Longest river in EuropeVolga
50.2%
Competing for a prizeVying
29.4%

You're not logged in!

Compare scores with friends on all Sporcle quizzes.
Join for Free
OR
Log In

You Might Also Like...

Show Comments

Extras

Top Quizzes Today


Score Distribution

Your Account Isn't Verified!

In order to create a playlist on Sporcle, you need to verify the email address you used during registration. Go to your Sporcle Settings to finish the process.

Report this User

Report this user for behavior that violates our Community Guidelines.

Details: